| 000 | 00684cam a2200265 4500 | ||
|---|---|---|---|
| 008 | 090401t1989 xxu||||| |||| 00| 0 eng d | ||
| 020 | _a071345248X | ||
| 035 | _a(Sirsi) u36819 | ||
| 041 | _aeng | ||
| 050 | _a690 | ||
| 100 | _aChandler, Ian | ||
| 245 | _aBuilding technology 2: performance. | ||
| 260 |
_aLondon _bMitchell _c1989 |
||
| 300 | _a229p. ; 22cm. | ||
| 350 | _a0 | ||
| 490 | _aConstruction Technology and Management | ||
| 650 | _aBUILDING DEFECTS | ||
| 650 | _aBUILDING PERFORMANCE | ||
| 650 | _aFIRE | ||
| 650 | _aSPECIFICATION | ||
| 690 | _aBUILT ENVIRONMENT | ||
| 710 |
_aChartered Institute of Building _92134 |
||
| 942 | _n0 | ||
| 948 | _c04/03/1997 | ||
| 999 |
_c90386 _d90386 |
||